Retos y Desafo̕s de los Derechos Humanos, Igualdad y Equidad de Gňero

Bibliographic Details
Main Author: Sǹchez Sifriano, Reyna
Other Authors: Sǹchez Vz̀quez, Rafael, Tenorio Martn̕ez, Georgina, Přez Becerra, Jos ̌Luis
Format: eBook
Language:Spanish
Published: Madrid: Dykinson, 2022
Subjects:
Online Access:Acceso restringido

MARC

LEADER 00000nam a22000007a 4500
005 20220801231054.0
007 cr|||| ||||
008 220801s2022 es |||||s|||| 00||0 spa d
020 |a 978-84-1122-232-7 
035 |a 36494 
040 |a vLex 
090 |c 13660  |d 13660 
100 1 |a Sǹchez Sifriano, Reyna 
245 1 0 |a Retos y Desafo̕s de los Derechos Humanos, Igualdad y Equidad de Gňero  |h [Recurso electrn̤ico] /  |c Reyna Sǹchez Sifriano, Rafael Sǹchez Vz̀quez, Georgina Tenorio Martn̕ez, Jos ̌Luis Přez Becerra 
256 |a Servicio en ln̕ea 
260 |a Madrid:  |b Dykinson,  |c 2022 
300 |a 1 recurso electrn̤ico 
500 |a Retos y desafo̕s de los Derechos Humanos, igualdad y equidad de gňero, es una obra jurd̕ica que desarrolla un acercamiento pluridisciplinario, interdisciplinario y transdisciplinario que nos permite esquematizar la problemt̀ica que gira en torno a los Derechos Humanos, es analizada por los autores que proceden de diferentes partes de Iberoamřica que participan en este libro. Desde diferentes enfoques y perspectivas gnoseolg̤icas de la cultura y conocimiento jurd̕ico, se espera que las contribuciones permitan la provocacin̤ de la generacin̤ del conocimiento. 
506 1 |a Disponible solo en los productos indicados  |d vLex Global  |d vLex Global (Academic Edition, excluding Law Schools)  |d vLex Global (U.S. Academic Edition, Law Schools)  |d vLex Global (U.S. Academic Edition, excluding Law Schools)  |d vLex Global (Academic Edition, Law Schools) 
650 0 4 |a Derecho Militar  |z Espaą 
700 1 |a Sǹchez Vz̀quez, Rafael 
700 1 |a Tenorio Martn̕ez, Georgina 
700 1 |a Přez Becerra, Jos ̌Luis 
740 0 |a vLex Libros (Servicio en ln̕ea) 
856 4 0 |u https://app.vlex.com/#/sources/36494  |z Acceso restringido 
942 |c BOOK 
999 0 |a Military Law